| 000 | 01174cad a22002295a 4500 | ||
|---|---|---|---|
| 001 | E146323 | ||
| 008 | 090109s2008 xxk f s000 0 eng d | ||
| 020 | _a9780755919253 | ||
| 035 | _a(Sirsi) u146323 | ||
| 041 | 0 | _aeng | |
| 050 | 0 | 4 | _a627.1 $2 18 |
| 110 | 2 |
_aEntec UK Limited _95684 |
|
| 245 | 0 | 0 |
_aImpact assessments for the Scotland and Solway Tweed River Basin Management Plans _breport on drivers, policies and trends _h[electronic resource] |
| 260 |
_aEdinburgh _bScottish Government _c2008 |
||
| 520 | _aSets out research carried out in connection with the development of impact assessments for the draft Scotland and Solway Tweed River Basin Management Plans. The report examines the main policies and trends relating to the water environment and looks at their potential impact on achieving the environmental objectives set out in the Water Framework Directive. | ||
| 521 | _aAdvanced | ||
| 590 | _aKA | ||
| 651 | 4 |
_aScotland _y1999- |
|
| 690 | _aENVIRONMENTAL AND LAND CONSULTANCY-WATER RESOURCE MANAGEMENT | ||
| 856 | 4 | 0 |
_uhttps://www.scotland.gov.uk/Publications/2009/01/08093750/0 _zView the report free of charge at www.scotland.gov.uk... |
| 942 | _n0 | ||
| 999 |
_c109116 _d109116 |
||